Política exterior norteamericana hacia América Central... con énfasis en Nicaragua
Plantea las dos premisas fundamentales de la política exterior de los Estados Unidos en los últimos años y su comportamiento en el contexto especifico de América Central, con énfasis en Nicaragua - Destaca que tanto la premisa liberal (con Carter) como la imperial (con Reagan) tienden a la definició...
Uloženo v:
| Hlavní autor: | |
|---|---|
| Médium: | Text |
| Vydáno: |
Baltimore:
The Johns Hopkins University
|
| Tagy: |
Přidat tag
Žádné tagy, Buďte první, kdo vytvoří štítek k tomuto záznamu!
|
MARC
| LEADER | 00000 a a2200000 04500 | ||
|---|---|---|---|
| 001 | 20675 | ||
| 003 | |||
| 040 | |||
| 090 | |a 087600 | ||
| 100 | |a Cruz Sequeira, Arturo | ||
| 245 | |a Política exterior norteamericana hacia América Central... con énfasis en Nicaragua | ||
| 260 | |a Baltimore: |b The Johns Hopkins University | ||
| 300 | |a 10 p. | ||
| 520 | |a Plantea las dos premisas fundamentales de la política exterior de los Estados Unidos en los últimos años y su comportamiento en el contexto especifico de América Central, con énfasis en Nicaragua - Destaca que tanto la premisa liberal (con Carter) como la imperial (con Reagan) tienden a la definición de un nuevo consenso en el marco de sus doctrinas de seguridad nacional. Examina cada una de esas doctrinas en relación con sus orígenes y de acuerdo con las condiciones de la política internacional en que surge. Realiza el estudio considerando que la América Central es marginal como magnitud económica y de relativa importancia geopolítica para los intereses norteamericanos, pero que la región es importante para la imagen del imperio | ||
| 999 | |c 6051 |d 6051 | ||
